[Event "2. Bundesliga West 2008/2009"]
[Site "Schwaz"]
[Date "2009.01.18"]
[Round "8"]
[Board "1"]
[White "Froewis, Georg"]
[Black "Medvegy, Zoltan"]
[Result "0-1"]
[WhiteElo "2269"]
[BlackElo "2556"]
[PlyCount "72"]
[EventDate "2008.10.17"]
[EventType "team"]
[EventRounds "11"]
[EventCountry "AUT"]
[WhiteTeam "Hohenems II"]
[BlackTeam "ATSV Ranshofen"]

1.e4 g6 2.d4 Bg7 3.c4 d6 4.Nc3 Nf6 5.f4 c5 6.dxc5 Qa5 7.Bd3 Qxc5 8.Nf3 Nc6 9.Qe2
Bg4 10.h3 Nd4 11.Qf2 Nxf3+ 12.gxf3 Qxf2+ 13.Kxf2 Bd7 14.Be3 O-O 15.Rac1 Rfc8
16.b3 Kf8 17.a4 Bh6 18.Ne2 Nh5 19.h4 a5 20.Rhg1 Rc6 21.Rgd1 Be8 22.f5 Bxe3+
23.Kxe3 Rc5 24.Nf4 Nxf4 25.Kxf4 Kg7 26.Rd2 Kf6 27.Rg1 Bd7 28.fxg6 hxg6 29.Rg5 b6
30.Rh2 Rh8 31.Ke3 e5 32.Rg1 Rcc8 33.Be2 Rh6 34.f4 exf4+ 35.Kxf4 Rch8 36.Rgh1
Rxh4+

[Event "2. Bundesliga West 2008/2009"]
[Site "Schwaz"]
[Date "2009.01.18"]
[Round "8"]
[Board "2"]
[White "Webersberger, Johann"]
[Black "Novkovic, Milan"]
[Result "1/2-1/2"]
[WhiteElo "2265"]
[BlackElo "2398"]
[PlyCount "37"]
[EventDate "2008.10.17"]
[EventType "team"]
[EventRounds "11"]
[EventCountry "AUT"]
[WhiteTeam "ATSV Ranshofen"]
[BlackTeam "Hohenems II"]

1.c4 e6 2.g3 d5 3.Nf3 c6 4.b3 a5 5.Bb2 Nf6 6.Bg2 a4 7.O-O Be7 8.d3 O-O 9.Nbd2 b5
10.cxb5 cxb5 11.Ne5 Nfd7 12.Nxd7 Bxd7 13.Nf3 a3 14.Bc1 Nc6 15.Bf4 Qe8 16.h4 Rc8
17.h5 h6 18.d4 Rd8 19.e3

[Event "2. Bundesliga West 2008/2009"]
[Site "Schwaz"]
[Date "2009.01.18"]
[Round "8"]
[Board "3"]
[White "Grabher, Heinz"]
[Black "Enoeckl, Philipp"]
[Result "1-0"]
[WhiteElo "2226"]
[BlackElo "2188"]
[PlyCount "88"]
[EventDate "2008.10.17"]
[EventType "team"]
[EventRounds "11"]
[EventCountry "AUT"]
[WhiteTeam "Hohenems II"]
[BlackTeam "ATSV Ranshofen"]

1.e4 e6 2.d4 d5 3.Nc3 Bb4 4.e5 c5 5.a3 Bxc3+ 6.bxc3 Ne7 7.Nf3 b6 8.a4 Ba6 9.Bb5+
Bxb5 10.axb5 Qd7 11.dxc5 bxc5 12.Qe2 Qb7 13.c4 O-O 14.O-O dxc4 15.Qxc4 a6
16.Qxc5 Rc8 17.Qd6 Nf5 18.Qd3 axb5 19.Rxa8 Qxa8 20.Qxb5 Qd5 21.Qxd5 exd5 22.g4
Nh6 23.Bxh6 gxh6 24.Rd1 Rc5 25.Rd3 Nc6 26.c3 Kf8 27.Kg2 Ke7 28.Kg3 Ke6 29.Re3
Rc4 30.Nd2 Ra4 31.Nb3 Ra3 32.Nd4+ Nxd4 33.cxd4 Ra2 34.Rb3 Rd2 35.Rb6+ Ke7
36.Rxh6 Rxd4 37.Rxh7 Re4 38.f4 d4 39.Rh6 d3 40.Rd6 Re3+ 41.Kh4 Rf3 42.f5 Re3
43.f6+ Ke8 44.Rd5 Rg3

[Event "2. Bundesliga West 2008/2009"]
[Site "Schwaz"]
[Date "2009.01.18"]
[Round "8"]
[Board "4"]
[White "Zoister, Stefan"]
[Black "Amann, Guenter"]
[Result "1-0"]
[WhiteElo "2209"]
[BlackElo "2330"]
[PlyCount "99"]
[EventDate "2008.10.17"]
[EventType "team"]
[EventRounds "11"]
[EventCountry "AUT"]
[WhiteTeam "ATSV Ranshofen"]
[BlackTeam "Hohenems II"]

1.e4 e6 2.d4 d5 3.Nc3 Nf6 4.e5 Nfd7 5.f4 c5 6.Nf3 Nc6 7.dxc5 Bxc5 8.Bd3 f6
9.exf6 Nxf6 10.Bd2 O-O 11.Qe2 Nb4 12.Ne5 Nxd3+ 13.Nxd3 Bb6 14.O-O-O Bd7 15.g4
Qe8 16.Rhe1 Bc6 17.g5 Ne4 18.Nxe4 dxe4 19.Ne5 Bd5 20.c4 e3 21.Bxe3 Bxe3+ 22.Qxe3
Rc8 23.g6 Bxc4 24.gxh7+ Kxh7 25.Qe4+ Kg8 26.Nxc4 b5 27.Rd4 Rxc4+ 28.Rxc4 bxc4
29.Qxc4 Rf6 30.f5 Rxf5 31.Rxe6 Qf7 32.Re8+ Kh7 33.Qxf7 Rxf7 34.Re2 Rf3 35.b3 Kg6
36.Kb2 Kf5 37.Ka3 g5 38.Ka4 g4 39.Ka5 Kf4 40.Ka6 Re3 41.Rf2+ Rf3 42.Rb2 Ke3
43.b4 Rf7 44.b5 Kd4 45.Rb4+ Kc5 46.Rxg4 Rf6+ 47.Ka5 Rf2 48.a4 Rxh2 49.Rg7 Rh8
50.Rc7+

[Event "2. Bundesliga West 2008/2009"]
[Site "Schwaz"]
[Date "2009.01.18"]
[Round "8"]
[Board "5"]
[White "Burschowsky, Matthias"]
[Black "Ager, Josef"]
[Result "1/2-1/2"]
[WhiteElo "2193"]
[BlackElo "2231"]
[PlyCount "51"]
[EventDate "2008.10.17"]
[EventType "team"]
[EventRounds "11"]
[EventCountry "AUT"]
[WhiteTeam "Hohenems II"]
[BlackTeam "ATSV Ranshofen"]

1.Nf3 g6 2.g3 Bg7 3.Bg2 e5 4.d3 Ne7 5.c4 c6 6.e4 d6 7.Nc3 Na6 8.Be3 O-O 9.Qd2
Nc7 10.Bh6 Ne6 11.h4 f6 12.Bxg7 Kxg7 13.O-O c5 14.Nd5 Nxd5 15.cxd5 Nc7 16.Kh2
Bd7 17.Bh3 Bxh3 18.Kxh3 f5 19.Kg2 Qd7 20.h5 f4 21.hxg6 hxg6 22.Rh1 Rh8 23.Rh4
Rxh4 24.Nxh4 Qg4 25.Qd1 Qxd1 26.Rxd1

[Event "2. Bundesliga West 2008/2009"]
[Site "Schwaz"]
[Date "2009.01.18"]
[Round "8"]
[Board "6"]
[White "Hackbarth, Wolfgang"]
[Black "Hillbrand, Johannes"]
[Result "1/2-1/2"]
[WhiteElo "2167"]
[BlackElo "1943"]
[PlyCount "47"]
[EventDate "2008.10.17"]
[EventType "team"]
[EventRounds "11"]
[EventCountry "AUT"]
[WhiteTeam "ATSV Ranshofen"]
[BlackTeam "Hohenems II"]

1.c4 c5 2.Nc3 Nc6 3.g3 g6 4.Bg2 Bg7 5.d3 Nf6 6.Nf3 d5 7.cxd5 Nxd5 8.Bd2 e6 9.O-O
O-O 10.Qc1 b6 11.Bh6 Bb7 12.Rd1 Nd4 13.Bxg7 Kxg7 14.Nxd4 cxd4 15.Nxd5 Bxd5
16.Qf4 Bxg2 17.Kxg2 Qd5+ 18.Qe4 Qxe4+ 19.dxe4 e5 20.f4 f6 21.Kf3 g5 22.Rd2 Rac8
23.Rad1 Rc7 24.e3

[Event "2. Bundesliga West 2008/2009"]
[Site "Schwaz"]
[Date "2009.01.18"]
[Round "8"]
[Board "2"]
[White "Krstic, Uros"]
[Black "Novkovic, Julia"]
[Result "1-0"]
[WhiteElo "2367"]
[BlackElo "2128"]
[PlyCount "119"]
[EventDate "2008.10.17"]
[EventType "team"]
[EventRounds "11"]
[EventCountry "AUT"]
[WhiteTeam "Sparkasse Schwarzach"]
[BlackTeam "Dornbirn"]

1.e4 c5 2.Nf3 Nc6 3.d4 cxd4 4.Nxd4 Nf6 5.Nc3 d6 6.Be3 Ng4 7.Bc4 Nxe3 8.fxe3 Ne5
9.Bb3 g6 10.O-O Bg7 11.Qe1 O-O 12.Rd1 Bd7 13.Qh4 Bc6 14.Rf4 e6 15.Qh3 Qe7
16.Rdf1 Bd7 17.Qg3 Rac8 18.Qe1 Nc4 19.Bxc4 Rxc4 20.Nde2 Be5 21.R4f2 Rfc8 22.Rxf7
Qxf7 23.Rxf7 Kxf7 24.Nd4 Kg7 25.Qh4 Bf6 26.Qf2 b5 27.a3 Rf8 28.Qd2 a6 29.Nf3 Bc6
30.Nd4 Bd7 31.Nce2 Be7 32.b3 Rc5 33.Nf3 e5 34.b4 Rc7 35.Ne1 Rfc8 36.h3 Rc4
37.Qd5 Bc6 38.Qe6 Rc7 39.Ng3 Bxe4 40.Nxe4 Rxe4 41.Kf2 Bh4+ 42.Kf3 Rec4 43.g3
Rf7+ 44.Kg2 Be7 45.Qd5 Rc3 46.Qd2 Rxa3 47.h4 Rf8 48.Kh3 Ra1 49.Kg2 Rc8 50.Kf3
Rc4 51.Ke2 Ra2 52.Qd5 Rxb4 53.Qxa2 Ra4 54.Qe6 Bf6 55.Qd7+ Kg8 56.Qxd6 Kg7 57.g4
Bxh4 58.Nf3 Bg3 59.Qe7+ Kh6 60.Qf8#

[Event "2. Bundesliga West 2008/2009"]
[Site "Schwaz"]
[Date "2009.01.18"]
[Round "8"]
[Board "5"]
[White "Klocker, Daniel"]
[Black "Ljubic, Juro"]
[Result "0-1"]
[WhiteElo "2075"]
[BlackElo "2222"]
[PlyCount "70"]
[EventDate "2008.10.17"]
[EventType "team"]
[EventRounds "11"]
[EventCountry "AUT"]
[WhiteTeam "Dornbirn"]
[BlackTeam "Sparkasse Schwarzach"]

1.e4 c5 2.c3 g6 3.d4 cxd4 4.cxd4 d5 5.exd5 Nf6 6.Nc3 Bg7 7.Nf3 O-O 8.Bc4 Nbd7
9.O-O Nb6 10.Bb3 Nfxd5 11.Re1 Re8 12.Ne5 Be6 13.h4 Nxc3 14.bxc3 Bd5 15.h5 Rc8
16.hxg6 hxg6 17.Qd3 Qc7 18.Bd2 Nc4 19.Nxc4 Bxc4 20.Qe4 b5 21.Rac1 e6 22.Bf4 Qc6
23.Be5 Qxe4 24.Rxe4 Bd5 25.Re2 Bh6 26.Rcc2 Bc4 27.Bxc4 Rxc4 28.Rb2 a6 29.Rec2
Rec8 30.Rb3 b4 31.Kf1 Rxc3 32.Rcb2 a5 33.Rb1 Rc1+ 34.Rxc1 Rxc1+ 35.Ke2 Rc2+

[Event "2. Bundesliga West 2008/2009"]
[Site "Schwaz"]
[Date "2009.01.18"]
[Round "8"]
[Board "6"]
[White "Stoeckl, Norbert"]
[Black "Kessler, Luca"]
[Result "1-0"]
[WhiteElo "2084"]
[BlackElo "1931"]
[PlyCount "59"]
[EventDate "2008.10.17"]
[EventType "team"]
[EventRounds "11"]
[EventCountry "AUT"]
[WhiteTeam "Sparkasse Schwarzach"]
[BlackTeam "Dornbirn"]

1.e4 c5 2.Nf3 d6 3.d4 cxd4 4.Nxd4 Nf6 5.Nc3 a6 6.Be3 e5 7.Nf3 Be6 8.a4 h6 9.a5
Nbd7 10.Be2 Be7 11.O-O O-O 12.Ne1 Qc7 13.Nd5 Bxd5 14.exd5 Rac8 15.c4 Rfe8 16.b4
Bf8 17.Rc1 g6 18.Qd2 Kh7 19.f3 Ng8 20.Nd3 f5 21.c5 Ndf6 22.Nb2 h5 23.Nc4 f4
24.Bf2 dxc5 25.d6 Qc6 26.bxc5 e4 27.Bd4 Re6 28.Ne5 Qe8 29.Qb2 Bg7 30.Bc4

[Event "2. Bundesliga West 2008/2009"]
[Site "Salzburg"]
[Date "2009.03.06"]
[Round "9"]
[Board "2"]
[White "Eisenbeiser, Amadeus"]
[Black "Fuchs, Georg"]
[Result "1-0"]
[WhiteElo "2434"]
[BlackElo "2231"]
[PlyCount "78"]
[EventDate "2008.10.17"]
[EventType "team"]
[EventRounds "11"]
[EventCountry "AUT"]
[WhiteTeam "Goetzis"]
[BlackTeam "Schwaz"]

1.d4 Nf6 2.Nf3 c5 3.d5 e6 4.Nc3 d6 5.e4 exd5 6.exd5 a6 7.a4 Be7 8.h3 Qc7 9.Bf4
O-O 10.Bc4 Re8 11.O-O Nbd7 12.Re1 Nf8 13.Qd3 Ng6 14.Bh2 Bd7 15.Nd1 b5 16.axb5
axb5 17.Rxa8 Rxa8 18.Bxb5 Bxb5 19.Qxb5 Nxd5 20.Qc4 Nb6 21.Qd3 Qc6 22.h4 h5
23.Bg3 Ra1 24.Kh2 Qd5 25.Qe2 Qc4 26.Ne3 Qxe2 27.Rxe2 Na4 28.Nf5 Bf8 29.Re8 Nxb2
30.Bxd6 f6 31.Rb8 Nd1 32.Bxc5 Ra5 33.Bxf8 Nxf8 34.N5d4 Kf7 35.Kg3 Nc3 36.Rb7+
Kg6 37.Re7 f5 38.Ne5+ Kf6 39.Ndc6 Ne4+

[Event "2. Bundesliga West 2008/2009"]
[Site "Salzburg"]
[Date "2009.03.06"]
[Round "9"]
[Board "3"]
[White "Gruber, Michael"]
[Black "Schmidlechner, Alexander"]
[Result "1/2-1/2"]
[WhiteElo "2112"]
[BlackElo "2210"]
[PlyCount "96"]
[EventDate "2008.10.17"]
[EventType "team"]
[EventRounds "11"]
[EventCountry "AUT"]
[WhiteTeam "Schwaz"]
[BlackTeam "Goetzis"]

1.e4 c5 2.Nf3 Nc6 3.d4 cxd4 4.Nxd4 Nf6 5.Nc3 e5 6.Ndb5 d6 7.Bg5 a6 8.Na3 b5
9.Nd5 Be7 10.Bxf6 Bxf6 11.c3 O-O 12.Nc2 Bb7 13.Nce3 Bg5 14.Nf5 g6 15.h4 Bf4
16.Nxf4 gxf5 17.Nh5 Kh8 18.exf5 Ne7 19.Bd3 f6 20.f3 d5 21.Qe2 Qc7 22.O-O Nc6
23.a4 b4 24.Kh1 Qf7 25.g4 Rg8 26.Rg1 a5 27.Rae1 Rgf8 28.Kh2 bxc3 29.bxc3 Qc7
30.Kh3 d4 31.g5 fxg5 32.hxg5 Bc8 33.cxd4 Nxd4 34.Qg2 Bxf5+ 35.Bxf5 Rxf5 36.f4
Raf8 37.Rxe5 Rxe5 38.fxe5 Qxe5 39.Rf1 Qe6+ 40.Kh2 Qe5+ 41.Ng3 Rxf1 42.Qxf1 Kg7
43.Qd3 Ne6 44.Qf5 Qxf5 45.Nxf5+ Kg6 46.Ne7+ Kxg5 47.Nc6 Nc5 48.Nxa5 Nxa4

[Event "2. Bundesliga West 2008/2009"]
[Site "Salzburg"]
[Date "2009.03.06"]
[Round "9"]
[Board "4"]
[White "Scheffknecht, Philipp"]
[Black "Riedl, Johannes"]
[Result "1/2-1/2"]
[WhiteElo "2187"]
[BlackElo "2145"]
[PlyCount "77"]
[EventDate "2008.10.17"]
[EventType "team"]
[EventRounds "11"]
[EventCountry "AUT"]
[WhiteTeam "Goetzis"]
[BlackTeam "Schwaz"]

1.d4 f5 2.g3 Nf6 3.Bg2 g6 4.Nf3 Bg7 5.O-O O-O 6.c4 d6 7.Nc3 Qe8 8.d5 Na6 9.Rb1
e5 10.dxe6 Nc5 11.Nd4 Nxe6 12.Nxe6 Qxe6 13.Qd3 Kh8 14.b3 Re8 15.Bb2 Ne4 16.Nxe4
fxe4 17.Bxg7+ Kxg7 18.Qd4+ Qe5 19.Rfd1 Bf5 20.Rbc1 b6 21.h3 a5 22.g4 Bd7 23.Bxe4
Rad8 24.Bf3 Qxd4 25.Rxd4 Re5 26.Re4 Rde8 27.Rxe5 Rxe5 28.Rd1 g5 29.Rd5 Kf6
30.Rxe5 Kxe5 31.e3 c6 32.Kf1 d5 33.Ke2 d4 34.Kd3 dxe3 35.fxe3 c5 36.Kc3 h6 37.a3
Be8 38.b4 Bd7 39.Bd5

[Event "2. Bundesliga West 2008/2009"]
[Site "Salzburg"]
[Date "2009.03.06"]
[Round "9"]
[Board "5"]
[White "Kondrak, Christof"]
[Black "Kranz, Armin"]
[Result "1/2-1/2"]
[WhiteElo "2148"]
[BlackElo "2168"]
[PlyCount "103"]
[EventDate "2008.10.17"]
[EventType "team"]
[EventRounds "11"]
[EventCountry "AUT"]
[WhiteTeam "Schwaz"]
[BlackTeam "Goetzis"]

1.d4 Nf6 2.Nf3 e6 3.a3 b6 4.Bg5 h6 5.Bh4 Bb7 6.e3 c5 7.dxc5 bxc5 8.c4 Qb6 9.Nc3
Be7 10.Bd3 d6 11.O-O Nbd7 12.Rb1 a5 13.Bc2 O-O 14.Ba4 Ne5 15.Nd2 d5 16.Qe2 Rfd8
17.Bb5 Ba6 18.Bxf6 Bxf6 19.Na4 Qa7 20.cxd5 Rxd5 21.Bxa6 Qxa6 22.Qxa6 Rxa6 23.Ne4
Be7 24.Rbc1 Rc6 25.Rc2 f5 26.Nec3 Rd7 27.Nb5 Rb7 28.Nac3 Rcb6 29.a4 Kf7 30.Nb1
Nd3 31.Nd2 Kf6 32.Nb3 Ra6 33.Rd1 Rd7 34.Rc3 Ne5 35.Rdc1 Nd3 36.Rd1 Ne5 37.Rb1
Nd3 38.f4 e5 39.fxe5+ Nxe5 40.Nxc5 Bxc5 41.Rxc5 Rd2 42.Nc7 Rc6 43.Ne8+ Kg6
44.Rxc6+ Nxc6 45.Rc1 Ne5 46.Rc7 Ng4 47.Rxg7+ Kh5 48.g3 Rd1+ 49.Kg2 Rd2+ 50.Kf1
Nxh2+ 51.Ke1 Nf3+ 52.Kf1

[Event "2. Bundesliga West 2008/2009"]
[Site "Salzburg"]
[Date "2009.03.06"]
[Round "9"]
[Board "6"]
[White "Flatz, Lothar"]
[Black "Koell,  Hannes"]
[Result "1-0"]
[WhiteElo "2129"]
[BlackElo "2105"]
[PlyCount "51"]
[EventDate "2008.10.17"]
[EventType "team"]
[EventRounds "11"]
[EventCountry "AUT"]
[WhiteTeam "Goetzis"]
[BlackTeam "Schwaz"]

1.Nf3 g6 2.g3 Bg7 3.Bg2 e5 4.d3 d6 5.c4 f5 6.Nc3 Nf6 7.Be3 O-O 8.h3 h6 9.Qc2 Nh5
10.g4 fxg4 11.hxg4 Nf4 12.Bxf4 exf4 13.Nh4 c6 14.O-O-O Bxg4 15.Rdg1 g5 16.Nf3 d5
17.cxd5 cxd5 18.Nxg5 Qxg5 19.Bxd5+ Kh8 20.f3 Na6 21.Rxg4 Qe5 22.d4 Qe3+ 23.Kb1
Rac8 24.Qg6 Rc7 25.Rxh6+ Bxh6 26.Qxh6+

[Event "2. Bundesliga West 2008/2009"]
[Site "Salzburg"]
[Date "2009.03.06"]
[Round "9"]
[Board "2"]
[White "Herbrechtsmeier, Christof"]
[Black "Micheli, Carlo"]
[Result "1/2-1/2"]
[WhiteElo "2305"]
[BlackElo "2289"]
[PlyCount "42"]
[EventDate "2008.10.17"]
[EventType "team"]
[EventRounds "11"]
[EventCountry "AUT"]
[WhiteTeam "Bregenz"]
[BlackTeam "Sparkasse Jenbach II"]

1.e4 c5 2.Nf3 e6 3.d4 cxd4 4.Nxd4 Qb6 5.Nb3 Qc7 6.Bd3 Nf6 7.f4 d6 8.O-O Nc6
9.N1d2 Be7 10.Qe2 a6 11.Nf3 e5 12.Kh1 O-O 13.Bd2 Bd7 14.Rae1 Rae8 15.Qf2 Bd8
16.h3 Bc8 17.fxe5 dxe5 18.Nh4 Nh5 19.Nf3 b5 20.a4 Qb8 21.axb5 axb5

[Event "2. Bundesliga West 2008/2009"]
[Site "Salzburg"]
[Date "2009.03.06"]
[Round "9"]
[Board "3"]
[White "Kleissl, Helmut"]
[Black "Poettinger, Harald"]
[Result "1/2-1/2"]
[WhiteElo "2281"]
[BlackElo "2207"]
[PlyCount "49"]
[EventDate "2008.10.17"]
[EventType "team"]
[EventRounds "11"]
[EventCountry "AUT"]
[WhiteTeam "Sparkasse Jenbach II"]
[BlackTeam "Bregenz"]

1.Nf3 d5 2.d4 Nf6 3.c4 c6 4.Nc3 a6 5.c5 Nbd7 6.Bf4 Nh5 7.e3 g6 8.Bd3 Bg7 9.O-O
O-O 10.Qc2 Nxf4 11.exf4 Qc7 12.g3 Re8 13.Rfe1 f6 14.Na4 e5 15.fxe5 fxe5 16.Bxg6
hxg6 17.Qxg6 Re7 18.Nb6 Rb8 19.Qg5 Nf8 20.Nxe5 Ne6 21.Qg6 Nxd4 22.Ned7 Nf3+
23.Kh1 Nxe1 24.Nf6+ Kf8 25.Nh7+

[Event "2. Bundesliga West 2008/2009"]
[Site "Salzburg"]
[Date "2009.03.06"]
[Round "9"]
[Board "4"]
[White "Bezler, Rainer"]
[Black "Schnegg, Daniel"]
[Result "1/2-1/2"]
[WhiteElo "2245"]
[BlackElo "2090"]
[PlyCount "50"]
[EventDate "2008.10.17"]
[EventType "team"]
[EventRounds "11"]
[EventCountry "AUT"]
[WhiteTeam "Bregenz"]
[BlackTeam "Sparkasse Jenbach II"]

1.e4 c5 2.Nf3 d6 3.d4 cxd4 4.Nxd4 Nf6 5.Nc3 a6 6.Bg5 e6 7.f4 Nbd7 8.Qf3 Qc7
9.O-O-O b5 10.e5 Bb7 11.Qh3 dxe5 12.Nxe6 fxe6 13.Qxe6+ Be7 14.Nxb5 axb5 15.Bxb5
Bd5 16.Rxd5 Nxd5 17.Qxd5 Rd8 18.Bc4 Nf6 19.Qf7+ Kd7 20.Qe6+ Ke8 21.fxe5 Qc5
22.exf6 Qxg5+ 23.Kb1 Qxf6 24.Qe2 Rd6 25.Rf1 Qd4

[Event "2. Bundesliga West 2008/2009"]
[Site "Salzburg"]
[Date "2009.03.06"]
[Round "9"]
[Board "5"]
[White "Schnegg, Martin"]
[Black "Lenninger, Ralf"]
[Result "1/2-1/2"]
[WhiteElo "2061"]
[BlackElo "2035"]
[PlyCount "73"]
[EventDate "2008.10.17"]
[EventType "team"]
[EventRounds "11"]
[EventCountry "AUT"]
[WhiteTeam "Sparkasse Jenbach II"]
[BlackTeam "Bregenz"]

1.e4 c6 2.d4 d5 3.Nd2 g6 4.c3 Bg7 5.Bd3 Nh6 6.Ngf3 O-O 7.O-O f6 8.Re1 e6 9.e5
Nd7 10.exf6 Qxf6 11.Nf1 Nf7 12.Ne3 h5 13.c4 e5 14.cxd5 exd4 15.dxc6 bxc6 16.Nc2
c5 17.Be4 Rb8 18.b4 Re8 19.Rb1 Ba6 20.Bb2 Qf4 21.Bxg6 Rxe1+ 22.Nfxe1 Nfe5
23.Qxh5 Nxg6 24.Qxg6 Qf6 25.Qe4 Bb7 26.Qg4 Ne5 27.Qg3 Be4 28.Rd1 Qf5 29.Na1 Rb6
30.f3 Rg6 31.fxe4 Qh5 32.Qb3+ c4 33.Qc2 Ng4 34.Qxc4+ Kh7 35.Qc7 Ne3 36.Rd2 Rf6
37.Nf3

[Event "2. Bundesliga West 2008/2009"]
[Site "Salzburg"]
[Date "2009.03.06"]
[Round "9"]
[Board "1"]
[White "Maiwald, Jens-Uwe"]
[Black "Westermeier, Arnulf"]
[Result "1/2-1/2"]
[WhiteElo "2500"]
[BlackElo "2274"]
[PlyCount "108"]
[EventDate "2008.10.17"]
[EventType "team"]
[EventRounds "11"]
[EventCountry "AUT"]
[WhiteTeam "Mayrhofen/Zillertal"]
[BlackTeam "ASK Salzburg"]

1.d4 d5 2.c4 e6 3.Nc3 Nf6 4.cxd5 exd5 5.Bg5 Nbd7 6.e3 Be7 7.Bd3 O-O 8.Nf3 Re8
9.Qc2 Nf8 10.O-O c6 11.Bxf6 Bxf6 12.b4 a6 13.h3 Be7 14.Rab1 Bd6 15.Rfe1 Be6
16.Bf5 Qf6 17.Bxe6 fxe6 18.Na4 Rac8 19.Nc5 Rc7 20.e4 Qg6 21.Qb3 Rce7 22.Rb2 h6
23.Rbe2 Qf7 24.Nd3 Ng6 25.a4 e5 26.dxe5 Nxe5 27.Nfxe5 Bxe5 28.exd5 Bh2+ 29.Kf1
Rxe2 30.Rxe2 Rxe2 31.Kxe2 Bd6 32.Qc4 cxd5 33.Qd4 Qe6+ 34.Kd2 Kf7 35.f3 Qf5
36.Ke2 Qe6+ 37.Kf2 h5 38.a5 Qf5 39.Ke2 Qe6+ 40.Kf2 Qf5 41.g4 hxg4 42.hxg4 Qe6
43.Nc5 Bxc5 44.bxc5 Qc6 45.Kg3 g6 46.Kf4 Qc7+ 47.Ke3 Qxa5 48.Qxd5+ Kf8 49.Kf4
Qc7+ 50.Kg5 Kg7 51.Qd4+ Kh7 52.Qd6 Qf7 53.Qh2+ Kg8 54.Qb8+ Kh7

[Event "2. Bundesliga West 2008/2009"]
[Site "Salzburg"]
[Date "2009.03.06"]
[Round "9"]
[Board "2"]
[White "Juergens, Klaus"]
[Black "Hausner, Ivan"]
[Result "1/2-1/2"]
[WhiteElo "2196"]
[BlackElo "2395"]
[PlyCount "223"]
[EventDate "2008.10.17"]
[EventType "team"]
[EventRounds "11"]
[EventCountry "AUT"]
[WhiteTeam "ASK Salzburg"]
[BlackTeam "Mayrhofen/Zillertal"]

1.Nf3 g6 2.c4 Bg7 3.e4 d6 4.d4 Bg4 5.Be2 Nc6 6.Be3 e5 7.d5 Bxf3 8.Bxf3 Nd4 9.Nc3
c5 10.Qa4+ Kf8 11.Bd1 a6 12.b4 b5 13.Qa3 a5 14.Nxb5 axb4 15.Qd3 Nxb5 16.cxb5 Ra3
17.Bb3 Bh6 18.f4 Bxf4 19.Bxf4 exf4 20.O-O Nf6 21.e5 Ng4 22.exd6 Qxd6 23.Qe4 Kg7
24.Rae1 Ra7 25.Qxf4 Qxf4 26.Rxf4 Nf6 27.Ref1 Ne8 28.Rc4 Rc7 29.Rfc1 Nd6 30.Rxc5
Rxc5 31.Rxc5 Rb8 32.Ba4 Kf6 33.Rc6 Ke5 34.Rc7 h5 35.Bb3 Rxb5 36.Re7+ Kd4 37.Rd7
Rb6 38.Kf1 f5 39.Re7 Ne4 40.Re6 Rd6 41.Ke1 Kc5 42.Re8 Rb6 43.Rc8+ Kd6 44.h4 Nc5
45.Bc4 Nd7 46.Re8 Kc5 47.Bb3 Ra6 48.Re6 Rd6 49.Re8 Nb6 50.Re6 Nxd5 51.Rxd6 Kxd6
52.Kf2 Ke5 53.Kf3 Nc7 54.Bf7 Kf6 55.Bc4 g5 56.hxg5+ Kxg5 57.g3 Ne8 58.Be2 Nf6
59.Ke3 Ne4 60.Kf3 Nc5 61.Ke3 Ne6 62.Bc4 f4+ 63.gxf4+ Nxf4 64.Kf3 Kf5 65.Bf7 h4
66.Bc4 Ne6 67.Kg2 Ng5 68.Bg8 Ke4 69.Kf2 Kd4 70.Kg2 Ke3 71.Kh2 Kf4 72.Bb3 Ke4
73.Kg2 Ke3 74.Kh2 Kf3 75.Bd1+ Ke3 76.Bb3 Ke2 77.Bg8 Kd1 78.Kg2 Kc2 79.Kh2 Kb2
80.Kg2 Kc3 81.Kh2 Kd3 82.Kg2 Ke4 83.Kh2 Kf5 84.Bb3 Nf3+ 85.Kh3 Kg5 86.Bd5 Nd4
87.Bg8 Ne2 88.Bb3 Nf4+ 89.Kh2 Kf5 90.Bg8 Kg4 91.Bb3 h3 92.Ba4 Kf3 93.Bd1+ Ke3
94.Bb3 Ke4 95.Bg8 Kf3 96.Bb3 Kg4 97.Ba4 Nd3 98.Bd7+ Kf4 99.Kxh3 Ke5 100.Be8 Kd4
101.Kg3 Kc3 102.Bf7 Kb2 103.Bg8 Nc1 104.Kf3 Nxa2 105.Ke3 Nc3 106.Kd2 Na4 107.Bf7
Nc5 108.Bg8 Ne4+ 109.Kd1 Kc3 110.Kc1 Nd2 111.Bf7 Nb3+ 112.Kb1

[Event "2. Bundesliga West 2008/2009"]
[Site "Salzburg"]
[Date "2009.03.06"]
[Round "9"]
[Board "3"]
[White "Tabernig, Bernhard"]
[Black "Besner, Bernhard"]
[Result "1-0"]
[WhiteElo "2299"]
[BlackElo "2145"]
[PlyCount "77"]
[EventDate "2008.10.17"]
[EventType "team"]
[EventRounds "11"]
[EventCountry "AUT"]
[WhiteTeam "Mayrhofen/Zillertal"]
[BlackTeam "ASK Salzburg"]

1.d4 d5 2.c4 e6 3.Nc3 c5 4.cxd5 exd5 5.Nf3 Nc6 6.g3 c4 7.Bg2 Bb4 8.O-O Nge7
9.Ne5 O-O 10.Nxc6 bxc6 11.e4 Be6 12.Be3 Qa5 13.Ne2 dxe4 14.Bxe4 Bd5 15.Qc2 Bxe4
16.Qxe4 Rfe8 17.Qc2 Qb5 18.a4 Qa6 19.Rac1 Nd5 20.Qxc4 Qxa4 21.Nc3 Qa5 22.Ra1 Qb6
23.Nxd5 cxd5 24.Qxd5 a5 25.Rac1 Be7 26.Rc2 Red8 27.Qe4 Bf6 28.Rfc1 Rab8 29.Bf4
Qb7 30.Qf5 Ra8 31.Be5 Bxe5 32.Qxe5 Re8 33.Qf4 Rf8 34.Qc7 Qb4 35.Qc5 Qb7 36.d5 h6
37.Qc6 Qb4 38.d6 Rac8 39.Qxc8

[Event "2. Bundesliga West 2008/2009"]
[Site "Salzburg"]
[Date "2009.03.06"]
[Round "9"]
[Board "4"]
[White "Loeffler, Christoph"]
[Black "Schiestl, Josef"]
[Result "1/2-1/2"]
[WhiteElo "2166"]
[BlackElo "2147"]
[PlyCount "48"]
[EventDate "2008.10.17"]
[EventType "team"]
[EventRounds "11"]
[EventCountry "AUT"]
[WhiteTeam "ASK Salzburg"]
[BlackTeam "Mayrhofen/Zillertal"]

1.e4 c5 2.Nc3 Nc6 3.f4 e6 4.Nf3 Nge7 5.g3 g6 6.e5 Nf5 7.Ne4 Be7 8.b3 b6 9.Bb2
Bb7 10.Qe2 O-O 11.O-O-O d5 12.Nf6+ Bxf6 13.exf6 Nfd4 14.Nxd4 cxd4 15.h4 Qxf6
16.h5 Rfe8 17.Qh2 Re7 18.Bb5 Rc8 19.Bxc6 Rxc6 20.d3 Bc8 21.Rhe1 e5 22.hxg6 fxg6
23.fxe5 Rxe5 24.Rxe5 Qxe5

[Event "2. Bundesliga West 2008/2009"]
[Site "Salzburg"]
[Date "2009.03.06"]
[Round "9"]
[Board "5"]
[White "Kroell, Johannes"]
[Black "Scheiblmaier, Robert"]
[Result "1-0"]
[WhiteElo "2207"]
[BlackElo "2133"]
[PlyCount "63"]
[EventDate "2008.10.17"]
[EventType "team"]
[EventRounds "11"]
[EventCountry "AUT"]
[WhiteTeam "Mayrhofen/Zillertal"]
[BlackTeam "ASK Salzburg"]

1.Nc3 d5 2.e4 e6 3.g3 Nf6 4.e5 Nfd7 5.f4 c5 6.Bh3 Nc6 7.Nf3 Be7 8.O-O O-O 9.d3
Rb8 10.Ne2 b5 11.c3 a5 12.d4 b4 13.f5 exf5 14.Bxf5 bxc3 15.bxc3 g6 16.Bc2 cxd4
17.cxd4 Nb6 18.Bh6 Re8 19.Kg2 Be6 20.Nf4 Qd7 21.Nxe6 Qxe6 22.Ng5 Bxg5 23.Bxg5
Nd7 24.Bb3 Rb4 25.Rf4 Reb8 26.Rc1 Ncxe5 27.dxe5 Qxe5 28.Rxb4 Rxb4 29.Bh6 Nb6
30.Qc2 Re4 31.Qc5 Re2+ 32.Kf1

[Event "2. Bundesliga West 2008/2009"]
[Site "Salzburg"]
[Date "2009.03.06"]
[Round "9"]
[Board "6"]
[White "Leeb, Hans-Peter"]
[Black "Platzgummer, Fabian"]
[Result "0-1"]
[WhiteElo "2157"]
[BlackElo "2187"]
[PlyCount "52"]
[EventDate "2008.10.17"]
[EventType "team"]
[EventRounds "11"]
[EventCountry "AUT"]
[WhiteTeam "ASK Salzburg"]
[BlackTeam "Mayrhofen/Zillertal"]

1.c4 Nf6 2.Nf3 c5 3.Nc3 Nc6 4.g3 d5 5.cxd5 Nxd5 6.Bg2 Nc7 7.O-O g6 8.d3 Bg7
9.Be3 b6 10.Nd2 Qd7 11.Rc1 Rb8 12.Nc4 O-O 13.Bf4 Bb7 14.Ne4 Rbd8 15.Qd2 Ne6
16.Bh6 Ncd4 17.Bxg7 Kxg7 18.Ne3 f5 19.Nc3 f4 20.Ng4 Bxg2 21.Kxg2 f3+ 22.exf3
Nxf3 23.Qh6+ Kg8 24.Ne4 Nf4+ 25.Kxf3 Qxd3+ 26.Ne3 Qe2#

[Event "2. Bundesliga West 2008/2009"]
[Site "Salzburg"]
[Date "2009.03.06"]
[Round "9"]
[Board "4"]
[White "Pitschka, Klaus"]
[Black "Eybl, Alexander"]
[Result "1/2-1/2"]
[WhiteElo "2301"]
[BlackElo "2270"]
[PlyCount "37"]
[EventDate "2008.10.17"]
[EventType "team"]
[EventRounds "11"]
[EventCountry "AUT"]
[WhiteTeam "Wuestenrot Inter Sbg Sued"]
[BlackTeam "Rochade Rum"]

1.d4 Nf6 2.Nc3 d5 3.Bg5 e6 4.Nf3 Bb4 5.Qd3 O-O 6.a3 Be7 7.Bxf6 Bxf6 8.e4 b6
9.O-O-O Ba6 10.Qe3 Bxf1 11.Rhxf1 c6 12.g4 Nd7 13.g5 Be7 14.h4 b5 15.Ne5 Nxe5
16.dxe5 Qa5 17.f4 b4 18.axb4 Bxb4 19.Nb1